000
00260nam a2200097Ia 4500
001
1228469
005
20250827093043.0
008
250824s9999 xx 000 0 und d
245
0
_a
DELİ BİLGİN
_c
JACQUES TARDI
260
_b
EVEREST YAYINLARI
999
_c
1228469
_d
1228469